Statistics for Elemental Countries

Click here to take the quiz!

General Stats

  • This quiz has been taken 100 times
    (88 since last reset)
  • The average score is 90 of 183

Answer Stats

COUNTRY/Element% Correct
Nitrogen
81%
Carbon
79%
Hydrogen
78%
Oxygen
78%
Iodine
72%
Sodium
69%
Lithium
67%
Uranium
67%
Sulfur
64%
Boron
62%
CHINA
62%
Potassium
62%
Radium
62%
FRANCE
60%
Neon
60%
ARGENTINA
57%
Barium
57%
UNITED STATES
57%
Argon
55%
BAHRAIN
55%
Fluorine
55%
Aluminium
53%
Phosphorus
52%
CAMEROON
50%
Copper
50%
Germanium
50%
ICELAND
50%
IRELAND
48%
BAHAMAS
45%
Beryllium
45%
BHUTAN
45%
Indium
45%
IRAN
43%
Americium
41%
Nickel
41%
PERU
41%
PHILIPPINES
41%
Titanium
41%
UKRAINE
41%
CUBA
40%
GABON
40%
Gallium
40%
BURUNDI
38%
Cerium
38%
Iridium
38%
KOSOVO
38%
NAURU
38%
NEPAL
38%
Silicon
38%
SPAIN
38%
Arsenic
36%
Cobalt
36%
Einsteinium
36%
FINLAND
36%
LAOS
36%
POLAND
36%
BRUNEI
34%
Erbium
34%
KIRIBATI
34%
Osmium
34%
Yttrium
34%
BELARUS
33%
Bromine
33%
PAKISTAN
33%
Polonium
33%
Ruthenium
33%
Vanadium
33%
NETHERLANDS
31%
PALAU
31%
BENIN
29%
Neodymium
29%
Lanthanum
28%
Bohrium
26%
Tellurium
26%
Rhenium
24%
CYPRUS
22%
MONACO
22%
SINGAPORE
22%
Thorium
22%
Protactinium
19%
Tantalum
19%
HONDURAS
17%
Molybdenum
14%
Praseodymium
14%
Darmstadtium
12%
Holmium
10%

Score Distribution

Percentile by Number Answered

Percent of People with Each Score

Your Score History

You have not taken this quiz since the last reset